000 00297nam a22001337a 4500
008 170424b xxu||||| |||| 00| 0 eng d
020 _a9780471682639
041 _aeng
080 _23 ED
_a547
100 _a12
101 _aSHM
245 _aORGANICS CHEMISTRY
_cERICKSON.MS
942 _2udc
_cBK
999 _c11655
_d11655